000 01048nam a2200325 i 4500
001 48316
003 KOSZ 005
005 20220603113320.0
008 021010s2002 uk f |000 0 eng d
020 _a0582518210
040 _cKOSZ 005
_aKOSZ 005
_dKOSZ 005/HR
041 0 _aeng
046 _k2002
080 _a8111.111'36
100 1 _aSide, Richard
_eAutor
245 1 0 _aGrammar and vocabulary for Cambridge advanced and proficiency :
_bfully updated for the revised CPE /
_cRichard Side and Guy Wellman.
260 _aHarlow :
_bLongman,
_cc. 2002.
300 _a288 pp :
_bill. ;
_c27 cm.
380 _aKsiążki
388 _a2001-
505 _aIncludes answer key.
650 7 _aJęzyk angielski
650 7 _aGramatyka
650 7 _aSłownictwo
650 7 _aCPE (certfikat językowy)
658 _aJęzykoznawstwo
700 1 _aWellman, Guy
_eAutor
856 _uhttp://koha.tu.koszalin.pl/cgi-bin/koha/opac-detail.pl?biblionumber=48316
_yKatalog online BPK
942 _cKS
_2UKD
999 _c48316
_d48316